Les humains vont-ils réussir à aller habiter sur une autre planète ? (notice n° 1825380)
[ vue normale ]
| 000 -LEADER | |
|---|---|
| fixed length control field | 00603cam a2200193 4500500 |
| 005 - DATE AND TIME OF LATEST TRANSACTION | |
| control field | 20260329003531.0 |
| 041 ## - LANGUAGE CODE | |
| Language code of text/sound track or separate title | fre |
| 042 ## - AUTHENTICATION CODE | |
| Authentication code | dc |
| 100 10 - MAIN ENTRY--PERSONAL NAME | |
| Personal name | Ungerer, Tomi |
| Relator term | author |
| 245 00 - TITLE STATEMENT | |
| Title | Les humains vont-ils réussir à aller habiter sur une autre planète ? |
| 260 ## - PUBLICATION, DISTRIBUTION, ETC. | |
| Date of publication, distribution, etc. | 2015.<br/> |
| 500 ## - GENERAL NOTE | |
| General note | 8 |
| 690 ## - LOCAL SUBJECT ADDED ENTRY--TOPICAL TERM (OCLC, RLIN) | |
| Topical term or geographic name as entry element | Enfance |
| 690 ## - LOCAL SUBJECT ADDED ENTRY--TOPICAL TERM (OCLC, RLIN) | |
| Topical term or geographic name as entry element | philo |
| 690 ## - LOCAL SUBJECT ADDED ENTRY--TOPICAL TERM (OCLC, RLIN) | |
| Topical term or geographic name as entry element | philosophie |
| 690 ## - LOCAL SUBJECT ADDED ENTRY--TOPICAL TERM (OCLC, RLIN) | |
| Topical term or geographic name as entry element | Tomi Ungerer |
| 786 0# - DATA SOURCE ENTRY | |
| Note | Philosophie magazine | 95 | 12-1 | 2015-12-01 | p. 2-2 | 1951-1787 |
| 856 41 - ELECTRONIC LOCATION AND ACCESS | |
| Uniform Resource Identifier | <a href="https://shs.cairn.info/magazine-philosophie-magazine-2015-12-1-page-2?lang=fr&redirect-ssocas=7080">https://shs.cairn.info/magazine-philosophie-magazine-2015-12-1-page-2?lang=fr&redirect-ssocas=7080</a> |
Pas d'exemplaire disponible.




Réseaux sociaux